000 00460nam a2200181Ia 4500
001 22891
005 20260414150901.0
008 260414t2016||||xx |||||||||||||| ||spa||
041 _aESP
082 _a624.17
_bF38
100 _aFu, Feng
_eAUT
245 0 _aStructural analysis and design to prevent disproportionate collapse
_b
260 _c2016
300 _axvii, 184 páginas :
_c25 cm.
650 _a0
654 _aCIC
942 _cLIB
_dJUS
_fJUS
_2ddc
_n
999 _c22891
_d22891